[Event "GRENKE Chess Open 2024"]
[Site "Karlsruhe"]
[Date "2024.04.01"]
[Round "9.25"]
[White "Nguyen, Alex Dac-Vuong"]
[Black "Redzisz, Michal"]
[Result "1/2-1/2"]
[WhiteElo "2381"]
[BlackElo "2238"]
[Annotator "RC"]
[PlyCount "96"]
[EventDate "2024.03.28"]
[EventType "swiss"]
[EventCountry "GER"]
[SourceTitle "playchess.com"]
[Source "ChessBase"]
[SourceQuality "1"]

1. e4 e5 2. Nf3 Nf6 3. d4 Nxe4 4. Bd3 d5 5. Nxe5 Nd7 6. Nxd7 Bxd7 7. O-O Bd6 8. Nc3 Nxc3 9. bxc3 O-O 10. Qh5 f5 11. Bg5 Qe8 12. Qf3 Qg6 13. Bf4 Bxf4 14. Qxf4 Qd6 15. Qxd6 cxd6 16. Rfb1 Rab8 17. c4 Be6 18. cxd5 Bxd5 19. Rb5 Be6 20. a4 Rfc8 21. Rab1 Bc4 22. Rxf5 Bxd3 23. cxd3 Rc3 24. g3 Rxd3 25. Rd5 Ra3 26. Ra5 Ra2 27. Rxa7 b5 28. Rb4 h6 29. Kg2 Rf8 30. Rxb5 Rfxf2+ 31. Kh3 Rxh2+ 32. Kg4 Rhd2 33. Rb8+ Kh7 34. Rbb7 Rxd4+ 35. Kh3 Rdxa4 36. Rxg7+ Kh8 37. Rh7+ Kg8 38. Rag7+ Kf8 39. Rd7 Kg8 40. Rxh6 Ra6 41. Kg4 Ra7 42. Rd8+ Kg7 43. Rdxd6 R2a4+ 44. Kh3 Ra1 45. Rdg6+ Kf7 46. Rf6+ Kg7 47. Rhg6+ Kh7 48. Rg5 R1a5 1/2-1/2

[Event "GRENKE Chess Open 2024"]
[Site "Karlsruhe"]
[Date "2024.04.01"]
[Round "9.25"]
[White "Paltrinieri, Nicholas"]
[Black "Papp, Gabor"]
[Result "0-1"]
[WhiteElo "2355"]
[BlackElo "2558"]
[Annotator "TA"]
[PlyCount "110"]
[EventDate "2024.03.28"]
[EventType "swiss"]
[EventCountry "GER"]
[SourceTitle "playchess.com"]
[Source "ChessBase"]
[SourceQuality "1"]

1. d4 g6 2. c4 Nf6 3. Nc3 Bg7 4. e4 d6 5. Be2 O-O 6. Be3 e5 7. d5 a5 8. g4 Na6 9. h4 Nc5 10. f3 h5 11. g5 Ne8 12. Qd2 Bd7 13. Rh2 c6 14. Rd1 cxd5 15. Nxd5 Ne6 16. Bb6 Qb8 17. Rf2 Kh7 18. Bf1 f6 19. Bh3 fxg5 20. hxg5 Rf7 21. Kf1 a4 22. Kg2 Ra6 23. Ne2 Qc8 24. Bxe6 Bxe6 25. Nec3 Qxc4 26. Rc1 Qc6 27. Qe3 Qd7 28. Rfc2 Bf8 29. Nb4 Rxb6 30. Qxb6 Be7 31. Rh1 Bxg5 32. Ncd5 Bd8 33. Qf2 Ng7 34. Qg3 g5 35. Ne3 h4 36. Nbd5 Nh5 37. Qe1 h3+ 38. Kh2 Rxf3 39. Rf1 Rxf1 40. Qxf1 g4 41. Qf8 g3+ 42. Kh1 Qf7 43. Qxd8 Qf3+ 44. Kg1 h2+ 45. Rxh2 gxh2+ 46. Kxh2 Bxd5 47. Qe7+ Bf7 48. Nf5 Qf2+ 49. Kh1 Qe1+ 50. Kh2 Qd2+ 51. Kh3 Nf4+ 52. Kg4 Qe2+ 53. Kg5 Qh5+ 54. Kf6 Nd5+ 55. exd5 Qg6# 0-1

[Event "GRENKE Chess Open 2024"]
[Site "Karlsruhe"]
[Date "2024.04.01"]
[Round "9.25"]
[White "Chittka, Julius"]
[Black "Nagel, Bernhard"]
[Result "1/2-1/2"]
[WhiteElo "2326"]
[BlackElo "2160"]
[Annotator "RC"]
[PlyCount "29"]
[EventDate "2024.03.28"]
[EventType "swiss"]
[EventCountry "GER"]
[SourceTitle "playchess.com"]
[Source "ChessBase"]
[SourceQuality "1"]

1. d4 d5 2. Nf3 e6 3. Bf4 Bd6 4. e3 Bxf4 5. exf4 Ne7 6. Nbd2 b6 7. c3 O-O 8. h4 Qd6 9. g3 c5 10. h5 f6 11. Bd3 Ba6 12. Bxa6 Nxa6 13. Qe2 Nc7 14. O-O Nc6 15. Rad1 1/2-1/2

[Event "GRENKE Chess Open 2024"]
[Site "Karlsruhe"]
[Date "2024.04.01"]
[Round "9.26"]
[White "Heberla, Bartlomiej"]
[Black "Svanda, Ondrej"]
[Result "1/2-1/2"]
[WhiteElo "2557"]
[BlackElo "2370"]
[Annotator "TA"]
[PlyCount "50"]
[EventDate "2024.03.28"]
[EventType "swiss"]
[EventCountry "GER"]
[SourceTitle "playchess.com"]
[Source "ChessBase"]
[SourceQuality "1"]

1. d4 d5 2. c4 e6 3. Nc3 Nf6 4. e3 Be7 5. Nf3 O-O 6. b3 b6 7. cxd5 exd5 8. Bb2 Bb7 9. Bd3 Nbd7 10. O-O c5 11. Ne2 Re8 12. Ng3 Bf8 13. Qe2 Ne4 14. Rfd1 Qe7 15. dxc5 bxc5 16. Ba6 Ndf6 17. Nxe4 Nxe4 18. Bxb7 Qxb7 19. Nd2 a5 20. Nxe4 Rxe4 21. Qd3 a4 22. Qxd5 Qxd5 23. Rxd5 axb3 24. axb3 Rxa1+ 25. Bxa1 Rb4 1/2-1/2

[Event "GRENKE Chess Open 2024"]
[Site "Karlsruhe"]
[Date "2024.04.01"]
[Round "9.26"]
[White "Coenen, Michael"]
[Black "Doll, Alexander"]
[Result "1-0"]
[WhiteElo "2320"]
[BlackElo "2159"]
[Annotator "RC"]
[PlyCount "91"]
[EventDate "2024.03.28"]
[EventType "swiss"]
[EventCountry "GER"]
[SourceTitle "playchess.com"]
[Source "ChessBase"]
[SourceQuality "1"]

1. d4 d5 2. g3 Nf6 3. Bg2 e6 4. Nf3 Bd6 5. O-O O-O 6. c4 Nbd7 7. Qc2 b6 8. Nc3 a6 9. cxd5 exd5 10. Ng5 c6 11. e4 h6 12. exd5 cxd5 13. Nxd5 Ra7 14. Ne4 Nxd5 15. Nxd6 N7f6 16. Nxc8 Qxc8 17. Qb3 Rd8 18. Bd2 Qg4 19. h3 Qxd4 20. Rad1 Qc5 21. Be3 Qc6 22. Qxb6 Rc7 23. Qxc6 Rxc6 24. Rd3 Rcd6 25. Bc5 R6d7 26. Rfd1 Nc3 27. Rxd7 Rxd7 28. Rxd7 Nxd7 29. Bb4 Nxa2 30. Bd2 a5 31. Bxa5 Nc1 32. Bd5 Nd3 33. Bc3 Nb6 34. Be4 Nc1 35. Kf1 Na4 36. Be5 Kh8 37. Bc2 Nc5 38. b4 N5d3 39. Bd6 Nb2 40. b5 Nc4 41. Bc5 Nb3 42. Bxb3 Nd2+ 43. Ke1 Nxb3 44. Bb6 Nc1 45. Kd2 Na2 46. Bc5 1-0

[Event "GRENKE Chess Open 2024"]
[Site "Karlsruhe"]
[Date "2024.04.01"]
[Round "9.26"]
[White "Feldmann, Johannes"]
[Black "Weishaeutel, Moritz"]
[Result "0-1"]
[WhiteElo "2227"]
[BlackElo "2378"]
[Annotator "ChessBase"]
[PlyCount "50"]
[EventDate "2024.03.28"]
[EventType "swiss"]
[EventCountry "GER"]
[SourceTitle "playchess.com"]
[Source "ChessBase"]
[SourceQuality "1"]

1. d4 d5 2. c4 e6 3. Nc3 c5 4. cxd5 cxd4 5. Qa4+ Bd7 6. Qxd4 exd5 7. Nf3 Nf6 8. e3 Nc6 9. Qd1 Bg4 10. Be2 Bd6 11. O-O O-O 12. b3 a6 13. Bb2 Bc7 14. Rc1 Qd6 15. g3 Rfe8 16. Rc2 Rad8 17. Rd2 b5 18. Nd4 Bh3 19. Re1 Nxd4 20. Rxd4 Bb6 21. Rd3 Qe6 22. Qa1 Ne4 23. Bf1 Ng5 24. Be2 b4 25. Na4 Qe4 0-1

[Event "GRENKE Chess Open 2024"]
[Site "Karlsruhe"]
[Date "2024.04.01"]
[Round "9.27"]
[White "Sarrau, Jelle"]
[Black "Suliborski, Jakub"]
[Result "1/2-1/2"]
[WhiteElo "2375"]
[BlackElo "2232"]
[Annotator "ChessBase"]
[PlyCount "53"]
[EventDate "2024.03.28"]
[EventType "swiss"]
[EventCountry "GER"]
[SourceTitle "playchess.com"]
[Source "ChessBase"]
[SourceQuality "1"]

1. e4 c5 2. Nf3 e6 3. c4 Nc6 4. d4 cxd4 5. Nxd4 Nf6 6. Nc3 Bb4 7. Nxc6 bxc6 8. Bd3 e5 9. O-O O-O 10. Qe2 d6 11. Na4 Bg4 12. f3 Be6 13. a3 Ba5 14. b4 Bb6+ 15. Nxb6 axb6 16. Bg5 h6 17. Bh4 g5 18. Bf2 Nh5 19. g3 Ng7 20. Rfd1 c5 21. Qd2 f5 22. exf5 Bxf5 23. Be2 Ne6 24. g4 Bg6 25. Qxd6 Qf6 26. Bg3 Nd4 27. Qxf6 1/2-1/2

[Event "GRENKE Chess Open 2024"]
[Site "Karlsruhe"]
[Date "2024.04.01"]
[Round "9.27"]
[White "Kopylov, Daniel"]
[Black "Meshkovs, Nikita"]
[Result "1/2-1/2"]
[WhiteElo "2346"]
[BlackElo "2556"]
[Annotator "RC"]
[PlyCount "120"]
[EventDate "2024.03.28"]
[EventType "swiss"]
[EventCountry "GER"]
[SourceTitle "playchess.com"]
[Source "ChessBase"]
[SourceQuality "1"]

1. e4 e5 2. Nf3 Nc6 3. Bb5 a6 4. Ba4 Nf6 5. O-O Nxe4 6. d4 b5 7. Bb3 d5 8. dxe5 Be6 9. Nbd2 Nc5 10. c3 Be7 11. Bc2 d4 12. cxd4 Nxd4 13. Nxd4 Qxd4 14. Nf3 Qxd1 15. Rxd1 O-O 16. Bg5 Bxg5 17. Nxg5 h6 18. Nxe6 Nxe6 19. Rd5 Rfd8 20. Rad1 c5 21. Rxd8+ Rxd8 22. Rxd8+ Nxd8 23. Be4 g5 24. g3 f6 25. exf6 Kf7 26. Kg2 Kxf6 27. f4 gxf4 28. gxf4 Nf7 29. Kf3 Nd6 30. Bd3 a5 31. Ke3 Ke6 32. Bf1 Kf5 33. Bh3+ Kf6 34. b3 h5 35. Bd7 h4 36. Kd3 Ke7 37. Bg4 Ne8 38. Bf3 Ke6 39. Bc6 Nd6 40. Ke3 b4 41. Kd3 Kf5 42. Ke3 c4 43. Bd7+ Kf6 44. bxc4 Nxc4+ 45. Kd4 Nd2 46. Kc5 b3 47. axb3 Nxb3+ 48. Kb5 Ke7 49. Bc8 Kd6 50. Ka4 Nc5+ 51. Kxa5 Nd3 52. Kb5 Nxf4 53. Kc4 Ke5 54. Kc3 Ke4 55. Kd2 Kf3 56. Ke1 Kg2 57. h3 Nxh3 58. Bxh3+ Kxh3 59. Kf2 Kh2 60. Kf1 h3 1/2-1/2

[Event "GRENKE Chess Open 2024"]
[Site "Karlsruhe"]
[Date "2024.04.01"]
[Round "9.28"]
[White "Noe, Christopher"]
[Black "Seul, Georg"]
[Result "1-0"]
[WhiteElo "2527"]
[BlackElo "2359"]
[Annotator "TA"]
[PlyCount "139"]
[EventDate "2024.03.28"]
[EventType "swiss"]
[EventCountry "GER"]
[SourceTitle "playchess.com"]
[Source "ChessBase"]
[SourceQuality "1"]

1. d4 Nf6 2. c4 e6 3. Nf3 Bb4+ 4. Nbd2 b6 5. e3 Bb7 6. Bd3 O-O 7. O-O d5 8. a3 Be7 9. b3 Nbd7 10. Bb2 dxc4 11. Bxc4 c5 12. Qe2 Rc8 13. Rac1 Qc7 14. dxc5 bxc5 15. Ba6 Qb6 16. Bxb7 Qxb7 17. Rc2 Rfd8 18. Rfc1 Nd5 19. h3 Bf6 20. Bxf6 N5xf6 21. Qc4 h6 22. Qa4 Rb8 23. Qa5 Qb6 24. Qa4 Qb7 25. Rb1 Qa8 26. Rcc1 Qb7 27. Qa5 Rbc8 28. Rc4 Nd5 29. Rbc1 Rb8 30. Kf1 N5b6 31. R4c2 Nd5 32. Rb1 N5f6 33. Rcc1 Rbc8 34. Kg1 Rb8 35. Nc4 Ne4 36. Nfd2 Ndf6 37. Nf3 Rd5 38. Qe1 Rbd8 39. b4 cxb4 40. Qxb4 Qxb4 41. axb4 Rc8 42. Nd4 Rd7 43. Ne5 Rxc1+ 44. Rxc1 Rb7 45. Rc8+ Kh7 46. Ndc6 Nd5 47. Nd8 Rxb4 48. Ndxf7 g5 49. Rh8+ Kg7 50. Rxh6 Rb1+ 51. Kh2 Nxf2 52. Rg6+ Kf8 53. Nxg5 Nxe3 54. Nd7+ Ke7 55. Rxe6+ Kxd7 56. Rxe3 Ra1 57. Ne4 Nxe4 58. Rxe4 a5 59. h4 Rb1 60. Re5 a4 61. h5 a3 62. Ra5 Ke7 63. Rxa3 Rb5 64. g4 Kf6 65. Ra6+ Kg5 66. Rg6+ Kh4 67. Kg2 Rb3 68. h6 Rh3 69. h7 Rh2+ 70. Kf3 1-0

[Event "GRENKE Chess Open 2024"]
[Site "Karlsruhe"]
[Date "2024.04.01"]
[Round "9.28"]
[White "Grooten, Herman"]
[Black "Beikert, Guenther"]
[Result "0-1"]
[WhiteElo "2223"]
[BlackElo "2370"]
[Annotator "RC"]
[PlyCount "44"]
[EventDate "2024.03.28"]
[EventType "swiss"]
[EventCountry "GER"]
[SourceTitle "playchess.com"]
[Source "ChessBase"]
[SourceQuality "1"]

1. d4 f5 2. g3 Nf6 3. Bg2 g6 4. c3 Bg7 5. Nh3 Nc6 6. Nd2 O-O 7. Qb3+ d5 8. Nf4 e6 9. O-O g5 10. Nd3 h5 11. Nf3 Ne4 12. Nfe5 Nxe5 13. dxe5 h4 14. f3 hxg3 15. h4 g4 16. fxe4 Qxh4 17. Re1 fxe4 18. Nf4 Bxe5 19. e3 b6 20. Qc2 Qh2+ 21. Kf1 Ba6+ 22. Re2 Bg7 0-1

[Event "GRENKE Chess Open 2024"]
[Site "Karlsruhe"]
[Date "2024.04.01"]
[Round "9.29"]
[White "Dobrikov, Marco"]
[Black "Van Cappellen, Jonas"]
[Result "1-0"]
[WhiteElo "2362"]
[BlackElo "2221"]
[Annotator "ChessBase"]
[PlyCount "105"]
[EventDate "2024.03.28"]
[EventType "swiss"]
[EventCountry "GER"]
[SourceTitle "playchess.com"]
[Source "ChessBase"]
[SourceQuality "1"]

1. e4 c5 2. Nf3 d6 3. d4 cxd4 4. Nxd4 Nf6 5. Nc3 a6 6. g3 e5 7. Nde2 Be7 8. Bg2 O-O 9. a4 b6 10. Nd5 Nxd5 11. Qxd5 Ra7 12. Be3 Be6 13. Qd2 Rb7 14. Nc3 Nd7 15. Nd5 Bxd5 16. Qxd5 Qc7 17. O-O Nf6 18. Qd3 b5 19. axb5 axb5 20. c3 h5 21. b4 Rc8 22. Ra3 h4 23. Rfa1 Qc4 24. Qxc4 Rxc4 25. Bf1 Rcc7 26. Bd3 h3 27. Bd2 g6 28. Re1 Rc8 29. Bf1 Kg7 30. Bxh3 Rc4 31. f3 Bd8 32. Bf1 Rc8 33. Kg2 Bc7 34. Bd3 Rd8 35. Ra6 Ne8 36. Bg5 f6 37. Be3 Bb8 38. Rc1 d5 39. Be2 dxe4 40. fxe4 Rd6 41. Ra5 Nc7 42. Rd1 Ne8 43. Rc1 Nc7 44. Kf2 f5 45. Bf3 f4 46. gxf4 Ne6 47. fxe5 Rc6 48. c4 bxc4 49. b5 Rc8 50. b6 Rf7 51. Kg3 Rc6 52. Bg4 Nd8 53. Rd5 1-0

[Event "GRENKE Chess Open 2024"]
[Site "Karlsruhe"]
[Date "2024.04.01"]
[Round "9.29"]
[White "Holtel, Jasper"]
[Black "Parkhov, Yair"]
[Result "1/2-1/2"]
[WhiteElo "2330"]
[BlackElo "2518"]
[Annotator "RC"]
[PlyCount "141"]
[EventDate "2024.03.28"]
[EventType "swiss"]
[EventCountry "GER"]
[SourceTitle "playchess.com"]
[Source "ChessBase"]
[SourceQuality "1"]

1. Nf3 d5 2. g3 Nc6 3. d4 Bf5 4. Bg2 e6 5. O-O Nb4 6. Na3 Nc6 7. Nb1 Nb4 8. Na3 Nf6 9. c3 Nc6 10. Qb3 a6 11. Bg5 Rb8 12. Ne5 Be7 13. Bxf6 Bxf6 14. Nxc6 bxc6 15. Qa4 O-O 16. b3 c5 17. Rac1 Qd6 18. e3 Qb6 19. Nb1 Rfd8 20. Rfd1 Be7 21. Nd2 Bg6 22. Nf3 f6 23. dxc5 Bxc5 24. b4 Bf8 25. a3 Be8 26. Qc2 c5 27. e4 dxe4 28. Qxe4 Bf7 29. Nd2 Qc7 30. Nc4 Rxd1+ 31. Rxd1 Rd8 32. Rxd8 Qxd8 33. Qe1 e5 34. Ne3 cxb4 35. axb4 a5 36. bxa5 Qxa5 37. h4 Bc5 38. Qd2 Kf8 39. Qb2 Qd8 40. Qe2 g6 41. c4 Qd4 42. Bd5 Qc3 43. Bxf7 Kxf7 44. Kg2 Bxe3 45. fxe3 e4 46. h5 Kg7 47. hxg6 hxg6 48. Kf2 Qc1 49. Kg2 f5 50. Kh2 Kf6 51. Kg2 Ke5 52. g4 fxg4 53. Qxg4 Qxe3 54. Qxg6 Qe2+ 55. Kg1 e3 56. Qg7+ Ke4 57. Qg6+ Kd4 58. Qd6+ Kc3 59. Qa3+ Kd2 60. Qb2+ Kd1 61. Qb1+ Kd2 62. Qb2+ Kd3 63. Qa3+ Ke4 64. Qe7+ Kf5 65. Qf7+ Ke5 66. Qe7+ Kf4 67. Qf6+ Ke4 68. Qe7+ Kd3 69. Qa3+ Kd4 70. Qd6+ Ke4 71. Qe7+ 1/2-1/2

[Event "GRENKE Chess Open 2024"]
[Site "Karlsruhe"]
[Date "2024.04.01"]
[Round "9.29"]
[White "Wiechert, Hans"]
[Black "Hommer, Jeremy"]
[Result "1/2-1/2"]
[WhiteElo "2167"]
[BlackElo "2295"]
[Annotator "ChessBase"]
[PlyCount "92"]
[EventDate "2024.03.28"]
[EventType "swiss"]
[EventCountry "GER"]
[SourceTitle "playchess.com"]
[Source "ChessBase"]
[SourceQuality "1"]

1. d4 e6 2. c4 Nf6 3. Nf3 d5 4. cxd5 exd5 5. Nc3 c6 6. Bg5 Be7 7. e3 Nbd7 8. Qc2 Nh5 9. Bxe7 Qxe7 10. Be2 O-O 11. O-O f5 12. Bd3 g6 13. g3 Nhf6 14. Nd2 Ne4 15. Rae1 Qg7 16. f4 Nxd2 17. Qxd2 b6 18. b4 a5 19. b5 Bb7 20. bxc6 Bxc6 21. Rb1 Rfc8 22. Bb5 Nf6 23. Rfc1 Bxb5 24. Rxb5 Qc7 25. Ne2 Qd8 26. Rcb1 Rc6 27. Rc1 Rac8 28. Rbb1 Ne4 29. Qb2 Nd6 30. Rxc6 Rxc6 31. Nc3 Nc4 32. Qb5 Rd6 33. Re1 Qd7 34. Qxd7 Rxd7 35. Kf2 Kf7 36. Rb1 Ke6 37. Na4 Rd6 38. Nc3 Rc6 39. Na4 Kd6 40. Ke2 Kc7 41. Nc3 Kd6 42. Rb3 Ke6 43. Na4 Kd7 44. Nc3 Ke6 45. Na4 Kd7 46. Nc3 Ke6 1/2-1/2

[Event "GRENKE Chess Open 2024"]
[Site "Karlsruhe"]
[Date "2024.04.01"]
[Round "9.30"]
[White "Schlosser, Philipp"]
[Black "Kruckenhauser, Arthur"]
[Result "1/2-1/2"]
[WhiteElo "2511"]
[BlackElo "2355"]
[Annotator "TA"]
[PlyCount "41"]
[EventDate "2024.03.28"]
[EventType "swiss"]
[EventCountry "GER"]
[SourceTitle "playchess.com"]
[Source "ChessBase"]
[SourceQuality "1"]

1. c4 c5 2. Nf3 Nc6 3. Nc3 e5 4. g3 g6 5. Bg2 Bg7 6. d3 d6 7. Nd2 Be6 8. Nf1 h5 9. h4 Nf6 10. Bg5 Qd7 11. Bxf6 Bxf6 12. Ne3 O-O 13. Ned5 Bg7 14. Rb1 f5 15. e3 Bh6 16. f4 Bg7 17. Qd2 Rae8 18. Kd1 Kh7 19. a3 b6 20. Kc2 Ne7 21. Rhe1 1/2-1/2

[Event "GRENKE Chess Open 2024"]
[Site "Karlsruhe"]
[Date "2024.04.01"]
[Round "9.30"]
[White "Culum, Sanjin"]
[Black "Buyukasik, Diyap"]
[Result "0-1"]
[WhiteElo "2359"]
[BlackElo "2228"]
[Annotator "ChessBase"]
[PlyCount "64"]
[EventDate "2024.03.28"]
[EventType "swiss"]
[EventCountry "GER"]
[SourceTitle "playchess.com"]
[Source "ChessBase"]
[SourceQuality "1"]

1. e4 c5 2. Nf3 d6 3. d4 cxd4 4. Nxd4 Nf6 5. Nc3 a6 6. Nb3 e6 7. g4 Nc6 8. g5 Nd7 9. Bg2 Be7 10. h4 b5 11. Be3 Bb7 12. Qe2 O-O 13. f4 b4 14. Nd1 a5 15. Nc1 d5 16. Nf2 Nb6 17. Ncd3 Nc4 18. e5 a4 19. b3 axb3 20. cxb3 Nxe3 21. Qxe3 Ra6 22. h5 Qb6 23. Qh3 Nd4 24. g6 Nc2+ 25. Kf1 Qe3 26. Qh2 Nxa1 27. h6 fxg6 28. hxg7 h5 29. gxf8=Q+ Kxf8 30. Qh3 Nc2 31. Nd1 Qd2 32. Qf3 Nd4 0-1

[Event "GRENKE Chess Open 2024"]
[Site "Karlsruhe"]
[Date "2024.04.01"]
[Round "9.31"]
[White "Stork, Oliver"]
[Black "Haring, Filip"]
[Result "1/2-1/2"]
[WhiteElo "2329"]
[BlackElo "2452"]
[Annotator "RC"]
[PlyCount "162"]
[EventDate "2024.03.28"]
[EventType "swiss"]
[EventCountry "GER"]
[SourceTitle "playchess.com"]
[Source "ChessBase"]
[SourceQuality "1"]

1. c4 e5 2. Nc3 Bb4 3. Nd5 Be7 4. d4 exd4 5. Qxd4 Nf6 6. Nxe7 Qxe7 7. Bg5 Nc6 8. Qc3 d6 9. Bxf6 Qxf6 10. Qxf6 gxf6 11. e3 Be6 12. Be2 a5 13. O-O-O Rg8 14. g3 a4 15. Nf3 Ne5 16. Nxe5 fxe5 17. Kb1 Ke7 18. f4 f6 19. Rc1 Bf5+ 20. Ka1 b6 21. Rc3 Ra5 22. Rd1 Rg6 23. Rd2 Rh6 24. Bd1 Rh3 25. Bf3 h5 26. e4 Bg4 27. Bxg4 hxg4 28. f5 Kd7 29. Kb1 Rh8 30. Kc2 Rc5 31. Kd3 b5 32. cxb5 Rxb5 33. Rc4 Ra8 34. Kc3 c6 35. Rb4 Rc5+ 36. Rc4 Rb5 37. Rb4 Rc5+ 38. Rc4 Raa5 39. h4 gxh3 40. Rh2 d5 41. Rxc5 Rxc5+ 42. Kd2 Rb5 43. Kc2 Rb4 44. exd5 cxd5 45. Rxh3 Rg4 46. Rh6 Ke7 47. Rg6 Rc4+ 48. Kd2 Kf7 49. Rh6 Rg4 50. Rh7+ Kf8 51. Rh6 Kg7 52. Rh4 Rxg3 53. Rxa4 Rg2+ 54. Kc1 Kh6 55. Ra8 Rg7 56. a4 Kg5 57. a5 Kf4 58. a6 d4 59. b4 e4 60. b5 Rc7+ 61. Kd1 d3 62. b6 Rh7 63. b7 Ke3 64. Kc1 d2+ 65. Kb2 d1=Q 66. b8=Q Qd4+ 67. Kb3 Rh3 68. Ka2 Rf3 69. Qb3+ Kf4 70. Qb8+ Ke3 71. Qb3+ Kf4 72. Qb8+ Kxf5 73. Qc8+ Kf4 74. Qc7+ Kf5 75. Qh7+ Kf4 76. Qh4+ Kf5 77. Qh7+ Kf4 78. Qh4+ Ke3 79. Qe1+ Kf4 80. Qh4+ Ke3 81. Qe1+ Kf4 1/2-1/2

[Event "GRENKE Chess Open 2024"]
[Site "Karlsruhe"]
[Date "2024.04.01"]
[Round "9.32"]
[White "Kuhn, Clement"]
[Black "Karas, Marek"]
[Result "1-0"]
[WhiteElo "2349"]
[BlackElo "2212"]
[Annotator "ChessBase"]
[PlyCount "75"]
[EventDate "2024.03.28"]
[EventType "swiss"]
[EventCountry "GER"]
[SourceTitle "playchess.com"]
[Source "ChessBase"]
[SourceQuality "1"]

1. e4 e6 2. d4 d5 3. Nd2 a6 4. Ngf3 c5 5. exd5 exd5 6. Be2 Nf6 7. O-O Be7 8. dxc5 Bxc5 9. Nb3 Bb6 10. c3 O-O 11. Nbd4 Nc6 12. Bf4 Ne4 13. Qb3 Bg4 14. Rad1 Bxd4 15. cxd4 Qd7 16. Rfe1 Rfe8 17. Ne5 Nxe5 18. dxe5 Be6 19. Qa3 Rac8 20. Be3 Qe7 21. Qxe7 Rxe7 22. Rc1 Rxc1 23. Rxc1 f6 24. f3 Ng5 25. exf6 gxf6 26. Kf2 Kg7 27. a4 Rd7 28. Bd4 Bf7 29. Bb6 Ne6 30. g3 Bg6 31. a5 d4 32. Bc4 Nd8 33. b4 d3 34. Rd1 Nc6 35. Bc5 Nxb4 36. Be6 Rd5 37. Bxb4 Re5 38. Re1 1-0

[Event "GRENKE Chess Open 2024"]
[Site "Karlsruhe"]
[Date "2024.04.01"]
[Round "9.32"]
[White "Kolb, Tobias"]
[Black "Saraci, Nderim"]
[Result "1/2-1/2"]
[WhiteElo "2323"]
[BlackElo "2450"]
[Annotator "TA"]
[PlyCount "84"]
[EventDate "2024.03.28"]
[EventType "swiss"]
[EventCountry "GER"]
[SourceTitle "playchess.com"]
[Source "ChessBase"]
[SourceQuality "1"]

1. d4 Nf6 2. c4 e6 3. Nc3 c5 4. d5 exd5 5. cxd5 d6 6. e4 g6 7. f4 Bg7 8. Bb5+ Nfd7 9. a4 O-O 10. Nf3 a6 11. Bd3 c4 12. Bxc4 Nc5 13. O-O Bg4 14. Be3 Bxc3 15. bxc3 Nxe4 16. Qd4 Bxf3 17. gxf3 Nc5 18. f5 Re8 19. Bf4 Nbd7 20. Bxd6 Rc8 21. fxg6 hxg6 22. a5 Qf6 23. Bg3 Ne5 24. Kh1 Qf5 25. d6 Nxc4 26. Qxc4 Nd7 27. Qg4 Qxg4 28. fxg4 Rxc3 29. Rae1 Rcc8 30. Rxe8+ Rxe8 31. Rc1 Rd8 32. Rc7 b6 33. axb6 Nxb6 34. Rc6 Nd7 35. Rxa6 Nc5 36. Rc6 Ne4 37. Kg2 Kg7 38. h4 Kf6 39. Kf3 Nxg3 40. Kxg3 Ke5 41. h5 gxh5 42. gxh5 Ke6 1/2-1/2

[Event "GRENKE Chess Open 2024"]
[Site "Karlsruhe"]
[Date "2024.04.01"]
[Round "9.32"]
[White "Barzen, Pascal"]
[Black "Lichtmannecker, Daniel"]
[Result "1/2-1/2"]
[WhiteElo "2286"]
[BlackElo "2155"]
[Annotator "RC"]
[PlyCount "35"]
[EventDate "2024.03.28"]
[EventType "swiss"]
[EventCountry "GER"]
[SourceTitle "playchess.com"]
[Source "ChessBase"]
[SourceQuality "1"]

1. e4 c6 2. d4 d5 3. Nd2 dxe4 4. Nxe4 Bf5 5. Ng3 Bg6 6. h4 h6 7. Nf3 Nd7 8. h5 Bh7 9. Bd3 Bxd3 10. Qxd3 e6 11. Qe2 Ngf6 12. Bd2 Be7 13. O-O-O O-O 14. Kb1 Qb6 15. Ne4 Qb5 16. Nxf6+ Nxf6 17. Qe1 Rfd8 18. Bc1 1/2-1/2

[Event "GRENKE Chess Open 2024"]
[Site "Karlsruhe"]
[Date "2024.04.01"]
[Round "9.33"]
[White "Seo, Jung Min"]
[Black "Skawinski, Arkadiusz"]
[Result "1/2-1/2"]
[WhiteElo "2450"]
[BlackElo "2347"]
[Annotator "RC"]
[PlyCount "100"]
[EventDate "2024.03.28"]
[EventType "swiss"]
[EventCountry "GER"]
[SourceTitle "playchess.com"]
[Source "ChessBase"]
[SourceQuality "1"]

1. c4 e6 2. Nf3 d5 3. d4 Nf6 4. Nc3 c6 5. e3 Nbd7 6. Qc2 Bd6 7. Be2 O-O 8. O-O Qe7 9. b3 b6 10. Bb2 Bb7 11. Rac1 Rac8 12. Rfd1 Rfd8 13. Qb1 h6 14. Bf1 c5 15. cxd5 exd5 16. dxc5 bxc5 17. Qf5 Qe6 18. Bd3 Ne5 19. Nxe5 Bxe5 20. Na4 Bxb2 21. Nxb2 Kf8 22. h3 Qxf5 23. Bxf5 Rc7 24. Na4 c4 25. bxc4 g6 26. Bg4 Nxg4 27. hxg4 Rdc8 28. c5 Bc6 29. Nc3 Bd7 30. Rxd5 Be6 31. Re5 Rxc5 32. Rxc5 Rxc5 33. f3 Ra5 34. Rc2 Ra3 35. Kf2 Bc4 36. Ke1 Bd3 37. Rc1 Ra6 38. Rd1 Bc4 39. a4 Rb6 40. Rd4 Be6 41. Rd8+ Kg7 42. Ra8 a6 43. e4 Bc4 44. Rc8 Be6 45. Rc5 Rb2 46. g3 Rc2 47. e5 a5 48. Ne4 Rxc5 49. Nxc5 Bd5 50. Kf2 f6 1/2-1/2

[Event "GRENKE Chess Open 2024"]
[Site "Karlsruhe"]
[Date "2024.04.01"]
[Round "9.33"]
[White "Lye, Lik Zang"]
[Black "Hansch, Stephan"]
[Result "1/2-1/2"]
[WhiteElo "2286"]
[BlackElo "2148"]
[Annotator "RC"]
[PlyCount "65"]
[EventDate "2024.03.28"]
[EventType "swiss"]
[EventCountry "GER"]
[SourceTitle "playchess.com"]
[Source "ChessBase"]
[SourceQuality "1"]

1. d4 d5 2. c4 e6 3. Nc3 Nf6 4. cxd5 exd5 5. Bg5 c6 6. e3 Be7 7. Qc2 Nbd7 8. Bd3 h6 9. Bh4 Nh5 10. Bxe7 Qxe7 11. Nge2 Nb6 12. h3 Bd7 13. O-O-O O-O-O 14. Kb1 Kb8 15. g4 Nf6 16. Ng3 g6 17. Qb3 Ne8 18. a4 Nd6 19. a5 Nbc4 20. Qb4 Rhe8 21. Kc2 b6 22. axb6 Nxb6 23. Ra1 Ndc4 24. Qxe7 Rxe7 25. Bxc4 Nxc4 26. Na4 f5 27. b3 Nd6 28. Nc5 Ne4 29. Ngxe4 fxe4 30. Kd2 Rf8 31. Ke2 Bc8 32. Rag1 Ref7 33. Ke1 1/2-1/2

[Event "GRENKE Chess Open 2024"]
[Site "Karlsruhe"]
[Date "2024.04.01"]
[Round "9.34"]
[White "Nevednichy, Vladislav"]
[Black "Bassini, Emile"]
[Result "1-0"]
[WhiteElo "2445"]
[BlackElo "2346"]
[Annotator "TA"]
[PlyCount "77"]
[EventDate "2024.03.28"]
[EventType "swiss"]
[EventCountry "GER"]
[SourceTitle "playchess.com"]
[Source "ChessBase"]
[SourceQuality "1"]

1. e4 c5 2. Nf3 Nc6 3. Bb5 g6 4. O-O Bg7 5. c3 Nf6 6. Qe2 e5 7. d3 d6 8. d4 cxd4 9. cxd4 O-O 10. Bxc6 bxc6 11. dxe5 dxe5 12. Nc3 Qe7 13. h3 Ne8 14. Qc4 Qb7 15. Rd1 Nc7 16. Be3 Be6 17. Qe2 Rfd8 18. Ng5 Qb4 19. Rxd8+ Rxd8 20. Rd1 Rxd1+ 21. Qxd1 Bf6 22. Qd2 Qe7 23. Nf3 a6 24. b3 Nb5 25. Na4 h5 26. Nc5 Bc8 27. b4 Bg7 28. a4 Nc7 29. Qd3 f6 30. Nd2 Bf8 31. Nc4 Kg7 32. f4 exf4 33. Bxf4 Ne6 34. Bd6 Qd8 35. e5 Nf4 36. Bxf8+ Qxf8 37. Qd6 Qf7 38. Nb6 Be6 39. exf6+ 1-0